000
00278nam a22001217a 4500
008
170602b xxu||||| |||| 00| 0 eng d
041
_a
eng
080
_a
93
100
_a
17
101
_a
SHH
245
_a
THE SOVIET-SYRIAN RELATIONSHIP SINCE 1955
_c
RAMET, P
942
_2
udc
_c
BK
999
_c
15728
_d
15728